| 000 | 00702cam a2200241 4500 | ||
|---|---|---|---|
| 008 | 000000n1999 000 0 eng u | ||
| 020 | _a1858112400 | ||
| 035 | _a(Sirsi) u105637 | ||
| 041 | _aeng | ||
| 050 | _a346.4104343 | ||
| 100 | _aParsons, Andrew E. | ||
| 245 | _aTenant default under commercial leases. | ||
| 260 |
_aWelwyn Garden City _bCLT Professional Publishing _c1999 |
||
| 300 | _axxviii,288p. ; 23cm. | ||
| 350 | _a40.00 | ||
| 520 | _aSuperseded by the 4th ed.(ISBN 1858112400) | ||
| 650 | _aBUSINESS TENANCIES | ||
| 650 | _aCOMMERCIAL LEASES | ||
| 650 |
_aInsolvency _96247 |
||
| 650 | _aTENANT DEFAULT | ||
| 690 | _aLANDLORD AND TENANT-BUSINESS TENANCIES | ||
| 942 | _n0 | ||
| 999 |
_c100459 _d100459 |
||